000 004450000a22001690004500
003 MACL
005 20151217142553.0
008 151217b xxu||||| |||| 00| 0 eng d
040 _aMACL
_cMACL
041 _aEnglish
082 _a030/NOR
100 _aNorwood, Cyril
_920727
245 _aThe New Universal Encyclopaedia
_bVol 3
260 _bThe British India Publishing Company
650 _aEncyclopaedia
_920777
942 _cBK
_k030/NOR
_2ddc
999 _c39686
_d39686